000 01688cam a22005054i 4500
003 PE-LiUPU
005 20250731165631.0
008 150616s r 000 0 d
035 _a(Sirsi) a6444
035 _a(Sirsi) a6444
040 _aPE-LiUPU
_bspa
_cPE-LiUPU
_erda
049 _aPRUA
082 0 4 _a220.3
_bO72
_221
100 1 _aOrr, James,
_eautor.
245 1 4 _aThe International Standard Bible Encyclopaedia.
_n3 /
_cJames Orr.
264 1 _aChicago :
_bThe Howard-Severance Company,
_c1937.
300 _a2106 páginas :
_bIlustraciones ;
_c27 cm.
336 _atext
_2rdacontent
337 _aunmediated
_2rdamedia
338 _avolume
_2rdacarrier
505 0 _aEnciclopedia Bíblica Griego-Inglés de Heresy-Naarah.
526 _aSEG44
526 _aSEG26
526 _aP151
526 _aP150
526 _aP149
526 _aP146
526 _aP145
526 _aP126
526 _aP125
526 _aP92
526 _aP75
526 _aP74
526 _aP27
526 _aP15
630 _aBiblia
_vEnciclopedias.
650 0 4 _a
910 _ajck
_bjvq
_cjck
942 _2ddc
_cBOOK
949 _aRC 220.3 O72 3
_wDEWEY
_c1
_i14084
_lRC
_mBUL
_r0
_sY
_tBOOK
_u2015-6-16
_xTEOLOGIA
_zUNKNOWN
_0COMPRA
_o.CIRCNOTE. No olvidar cambiar la fecha de devolución!!!!!!!
_o.STAFF. Colección General
994 _aC0
_bPEPRU
596 _a1
999 _aRC 220.3 O72 3
_wDEWEY
_c57578
_i14084
_f2021-11-8
_g6
_lCCODEBUL1
_mBUL
_r1
_sY
_tBOOK
_u2015-6-16
_xTEOLOGIA
_zUNKNOWN
_0COMPRA
_o.CIRCNOTE. No olvidar cambiar la fecha de devolución!!!!!!!
_o.STAFF. Colección General
_d57578
980 _81
_gALBERTO SANCHEZ Responsable de Automatización